| 000 | 00956nam a2200313 a 4500 | ||
|---|---|---|---|
| 001 | 000111313 | ||
| 003 | CHAP | ||
| 005 | 20220329144206.0 | ||
| 008 | 150130s2014 mx a |r| |||0|||spa d | ||
| 010 | _a107775 | ||
| 011 | _a108747 | ||
| 020 | _a9786077078203 | ||
| 040 | _cCHAP | ||
| 082 | 0 | 4 |
_a333.794 _bV42 |
| 100 | 0 | 0 |
_aVega de Kuyper, Juan Carlos. _9118252 |
| 245 | 1 | 0 |
_aFuentes de energía : _brenovables y no renovables / _cpor Juan Carlos Vega Kuyper y Santiago Ramírez Morales. |
| 260 |
_aMéxico. D.F. : _bAlfaomega, _c2014. |
||
| 300 |
_axxv, 668 p. : _bil. |
||
| 504 | _aincluye bibliografía | ||
| 590 |
_aE5652GLJ _b05 _c20150130 _lUCH01 _h1452 |
||
| 650 | 1 | 4 |
_aEnergía eólica. _936903 |
| 650 | 1 | 4 |
_aEnergía solar. _936911 |
| 650 | 1 | 4 |
_aRecursos energéticos. _9125287 |
| 650 | 1 | 4 |
_aRecursos naturales _xAprovechamiento. _995190 |
| 700 | 1 |
_aRamírez Morales, Santiago _9129172 |
|
| 901 | _aBK | ||
| 942 | _cLIBRO | ||
| 942 | _n0 | ||
| 999 |
_c107775 _d107775 |
||